Regular Show Characters - Statistics

General Stats
  • This quiz has been taken 1,850 times
    1,847 since last reset
  • The average score is 8 of 12
Answer Stats
Hint Answer % Correct
A rock hard raccoon Rigby
100%
A cruel boss Benson
97%
A Gentleman who has the body of a lollipop Pops
97%
A wise and strong ape Skips
95%
A guy who thinks he is strong, but isn't Muscle Man
93%
Rigby's best friend Mordecai
89%
A worker at the coffee shop Margaret
71%
Another worker at the coffee shop Eileen
59%
An undead jerk who rivals Skipps Death
56%
Rigby's older brother Don
48%
Manager of the park Mr. Maellard
20%
A ghost with a hand sticking out of his head High 5 Ghost
17%
No matching quizzes found
Score Distribution
Percent of People with Each Score
Percentile by Number Answered
Your Score History
You have not taken this quiz since the last reset